Online
Catalog

Historiografía soviética latinoamericanista / (Record no. 11127)

MARC details
000 -CABECERA
campo de control de longitud fija 00788nam a2200217 a 4500
001 - NÚMERO DE CONTROL
campo de control 000011424
005 - FECHA Y HORA DE LA ÚLTIMA TRANSACCIÓN
campo de control 20200929162440.0
008 - DATOS DE LONGITUD FIJA--INFORMACIÓN GENERAL
campo de control de longitud fija 091016s1969 ve 001 0 spa d
040 ## - FUENTE DE LA CATALOGACIÓN
Centro catalogador/agencia de origen DO-SdBNP
Lengua de catalogación spa
Centro/agencia transcriptor BNPHU
082 ## - NÚMERO DE LA CLASIFICACIÓN DECIMAL DEWEY
Número de clasificación 907.20947
Número de documento/Ítem A456h
049 ## - FONDOS LOCALES (OCLC)
Fondos de biblioteca BNGR
100 1# - ENTRADA PRINCIPAL--NOMBRE DE PERSONA
Nombre de persona Alperovich, M. S.
Forma completa/desarrollada del nombre (Moisei Samuilovich)
9 (RLIN) 27095
245 10 - MENCIÓN DE TÍTULO
Título Historiografía soviética latinoamericanista /
Mención de responsabilidad, etc. M. S. Alperovich.
260 ## - PUBLICACIÓN, DISTRIBUCIÓN, ETC.
Lugar de publicación, distribución, etc. Caracas, (Venezuela) :
Nombre del editor, distribuidor, etc. Universidad Central de Venezuela,
Fecha de publicación, distribución, etc. 1969.
300 ## - DESCRIPCIÓN FÍSICA
Extensión 65 p. ;
Dimensiones 22 cm.
490 1# - MENCIÓN DE SERIE
Mención de serie Publicaciones de la Escuela de Historia
-- Varia,
Designación de volumen o secuencia 7
650 #4 - PUNTO DE ACCESO ADICIONAL DE MATERIA--TÉRMINO DE MATERIA
Término de materia o nombre geográfico como elemento de entrada Historiografía
9 (RLIN) 13064
650 #4 - PUNTO DE ACCESO ADICIONAL DE MATERIA--TÉRMINO DE MATERIA
Término de materia o nombre geográfico como elemento de entrada Historiografía
Subdivisión general Historia
9 (RLIN) 27096
651 #4 - PUNTO DE ACCESO ADICIONAL DE MATERIA--NOMBRE GEOGRÁFICO
Nombre geográfico América Latina
Subdivisión general Historia
9 (RLIN) 1786
830 #0 - PUNTO DE ACCESO ADICIONAL DE SERIE-TÍTULO UNIFORME
Título uniforme Publicaciones de la Escuela de Historia :
Nombre de parte o sección de la obra Varia,
Designación de volumen o secuencia 7
9 (RLIN) 27097
Holdings
Estado de retiro Estado de pérdida Restricciones de uso No para préstamo Código de colección Localización permanente Ubicación/localización actual Ubicación en estantería Fecha de adquisición Número de inventario Total de préstamos Signatura topográfica completa Código de barras Fecha visto por última vez Precio válido a partir de Tipo de ítem Koha
        Monografías: Libros y Folletos General General En catalogación 16.10.2009 LF1   907.20947 A456h 11424-10 25.06.2020 25.06.2020 Préstamo en sala

Powered by Koha